Straßenbahn Kassel - Linie 1 - Statistiken

Allgemein
  • Dieses Quiz wurde 51 mal gespielt
  • Das Durchschnittsergebnis liegt bei 18 aus 28
Antwortstatistiken
Hint Antwort % Korrekt
MItte Rathaus
93%
Mitte Am Stern
88%
Mitte Königsplatz
88%
Mitte Friedrichsplatz
85%
Wilhelmshöhe Bahnhof Wilhelmshöhe
80%
Mitte Holländischer Platz/Universität
80%
Vorderer Westen Rotes Kreuz
80%
Wilhelmshöhe Wilhelmshöhe
78%
Nord-Holland Halitplatz
76%
Vorderer Westen Kirchweg
76%
Wilhelmshöhe Hessischer Rundfunk
73%
Nord-Holland Holländische Straße
71%
Nord-Holland Hauptfriedhof
68%
Nord-Holland Wiener Straße
68%
Mitte Weigelstraße
66%
Vorderer Westen Murhardstraße/Universität
63%
Vorderer Westen Berlepschstraße
56%
Vellmar Vellmar Nord
56%
Vellmar Musikerviertel
54%
Nord-Holland Hegelsbergstraße
51%
Wilhelmshöhe Kunoldstraße
51%
Vellmar Festplatz
49%
Wilhelmshöhe Kurhessen-Therme
49%
Vellmar Dörnbergstraße
46%
Vellmar Stadtmitte
46%
Vellmar Triftstraße
46%
Vellmar Berliner Straße
44%
Vellmar Nordstraße
39%
Keine übereinstimmenden Quizze gefunden
Verteilung der Resultate
Anzahl Personen mit jedem Resultat
Perzentil nach korrekt beantworteten Fragen
Ihre Resultats-Entwicklung
Sie haben dieses Quiz noch nicht gespielt